Statistiques concernant Culture Générale - Série 1999

Cliquez ici pour prendre le quiz!

Statistiques générales

  • Ce quiz a été pris 73 fois
  • Le résultat moyen est 4 sur 10

Statistiques - réponses

QuestionRéponse% Correct
Quelle rivière traverse Cahors ?Lot
64%
Bande de faible hauteur, placée au pied des murs, le long du sol, à l'intérieur ou à l'extérieur d'un bâtiment.plinthe
59%
Quel mot synonyme de parfum, qualifie une odeur agréable - 9 lettres commençant par " f " ?fragrance
57%
Quel animal est l' Appaloosa ?cheval
43%
Quel est le titre du roman de Vladimir Nabokov, publié en 1955 et porté au cinéma en 1962 par Stanley Kubrick ?Lolita
39%
Dans quel département français se trouve la commune de Belley - capitale historique de la province du Bugey ?Ain
33%
Dans quel pays européen se trouve la ville d'Uster ?Suisse
30%
Comment appelle-t-on le vent qui souffle dans la partie orientale du bassin aquitain et le sud-ouest du Massif central ?autan
23%
Quelle est la capitale de l'Idaho - état des Etats Unis - voir drapeau ?Boise
23%
Baquet servant au transport des matières fécalestinette
1%

Distribution des résultats

Percentile par nombre de réponses

% des personnes avec chaque résultat

Votre développement - résultats

Vous n’avez pas pris ce quiz